Development of Valuation of Assets and Liabilitities in the Slovak Republic
Oceňovanie predstavuje základnú a najzložitejšiu problematiku účtovníctva. Bez oceňovania by účtovníctvo neposkytovalo verný a pravdivý obraz o predmete účtovníctva. Cena sa definuje ako objektívna miera hodnoty sprostredkujúca výmenu statkov. Cena je hodnota statkov vyjadrená v peniazoch. Aby účt...
Saved in:
| Main Author: | |
|---|---|
| Other Authors: | |
| Format: | Book Chapter |
| Language: | Slovak |
| Subjects: | |
| Tags: |
No Tags, Be the first to tag this record!
|
MARC
| LEADER | 00000naa$a2200000$$$4500 | ||
|---|---|---|---|
| 001 | 0248035 | ||
| 005 | 20240502083703.6 | ||
| 041 | 0 | |a slo | |
| 044 | |a CZ | ||
| 245 | 1 | 0 | |a Development of Valuation of Assets and Liabilitities in the Slovak Republic |c Lucia Ondrušová, Branislav Parajka |
| 520 | |a Oceňovanie predstavuje základnú a najzložitejšiu problematiku účtovníctva. Bez oceňovania by účtovníctvo neposkytovalo verný a pravdivý obraz o predmete účtovníctva. Cena sa definuje ako objektívna miera hodnoty sprostredkujúca výmenu statkov. Cena je hodnota statkov vyjadrená v peniazoch. Aby účtovníctvo mohlo poskytovať pravdivý obraz o skutočnostiach, ktoré sú predmetom účtovníctva, je potrebné, aby predmet účtovníctva bol ocenený správnou oceňovacou veličinou v súlade s účtovnými zásadami a metódami, ktoré sú stanovené právnou úpravou. | ||
| 610 | 2 | 0 | |a účtovníctvo |
| 610 | 2 | 0 | |a oceňovanie |
| 610 | 2 | 0 | |a ceny trhové |
| 610 | 2 | 0 | |a ceny obstarávacie |
| 610 | 2 | 0 | |a hodnota reálna |
| 610 | 2 | 0 | |a legislatíva |
| 610 | 2 | 0 | |a náklady |
| 100 | 1 | |a Ondrušová, Lucia, 1981- | |
| 700 | 1 | |a Parajka, Branislav, 1981- | |